[Event "Bayview Games Club #102"]
[Site "Toronto CAN"]
[Date "2007.04.02"]
[Round "9"]
[White "Maguire, Jack"]
[Black "Armstrong, Robert J"]
[Result "0-1"]
[WhiteElo "1387"]
[BlackElo "1740"]
[PlyCount "51"]
[GameId "2160767910726721"]
[EventDate "2007.02.05"]
[EventType "tourn"]
[EventRounds "9"]
[EventCountry "CAN"]
[SourceTitle "EXT 2022"]
[Source "ChessBase"]
[SourceDate "2021.10.06"]
[SourceVersion "1"]
[SourceVersionDate "2021.10.06"]
[SourceQuality "1"]

1. d4 b6 2. e4 Bb7 3. Bd3 e6 4. c4 Ne7 5. Nc3 g6 6. f4 Bg7 7. Nf3 d6 8. O-O Nd7 9. Be3 O-O 10. Qd2 c5 11. d5 exd5 12. cxd5 a6 13. a4 Qc7 14. Rac1 Rab8 15. Nh4 c4 16. Nd1 b5 17. axb5 axb5 18. b4 Ba1 19. Be2 Nxd5 20. exd5 Bd4 21. Bf2 Rfe8 22. Ne3 Re4 23. Bg3 Rbe8 24. Rf3 Bxe3+ 25. Rxe3 Rxe3 26. Qxe3 0-1

[Event "Bayview Games Club #102"]
[Site "Toronto CAN"]
[Date "2007.04.02"]
[Round "9"]
[White "Tellier, Raymond"]
[Black "Taylor, Jason Lawrence"]
[Result "0-1"]
[WhiteElo "1434"]
[BlackElo "1675"]
[PlyCount "60"]
[GameId "2160767910726722"]
[EventDate "2007.02.05"]
[EventType "tourn"]
[EventRounds "9"]
[EventCountry "CAN"]
[SourceTitle "EXT 2022"]
[Source "ChessBase"]
[SourceDate "2021.10.06"]
[SourceVersion "1"]
[SourceVersionDate "2021.10.06"]
[SourceQuality "1"]

1. e4 e6 2. Nf3 d5 3. e5 c5 4. g3 Nc6 5. Bg2 Qc7 6. O-O Nxe5 7. Nxe5 Qxe5 8. Re1 Qd6 9. d4 Nf6 10. Bf4 Qb6 11. b3 Be7 12. Nc3 cxd4 13. Na4 Qd8 14. Qxd4 O-O 15. Rad1 Nd7 16. Qa1 b5 17. Nb2 Bf6 18. c4 bxc4 19. bxc4 Qb6 20. Re2 Ba6 21. Qc1 Rac8 22. Na4 Qb4 23. Nb2 Nb6 24. Rc2 Nxc4 25. Nd3 Qa4 26. Bg5 Bxg5 27. Qxg5 Qxc2 28. Bf3 Nb2 29. Rc1 Qxd3 30. Rxc8 Qf1# 0-1

[Event "Bayview Games Club #103"]
[Site "Toronto CAN"]
[Date "2007.04.09"]
[Round "1"]
[White "Hayder, Ali"]
[Black "Armstrong, Robert J"]
[Result "1-0"]
[WhiteElo "2057"]
[BlackElo "1740"]
[PlyCount "49"]
[GameId "2160767910693124"]
[EventDate "2007.04.09"]
[EventType "tourn"]
[EventRounds "7"]
[EventCountry "CAN"]
[SourceTitle "EXT 2022"]
[Source "ChessBase"]
[SourceDate "2021.10.06"]
[SourceVersion "1"]
[SourceVersionDate "2021.10.06"]
[SourceQuality "1"]

1. d4 g6 2. c4 Bg7 3. Nc3 d6 4. e4 Nf6 5. f4 O-O 6. Nf3 c5 7. d5 e6 8. Be2 exd5 9. cxd5 Re8 10. e5 dxe5 11. fxe5 Ng4 12. Bg5 Qa5 13. O-O Nxe5 14. d6 Be6 15. Nd5 Bxd5 16. Qxd5 Nbd7 17. Nxe5 Nxe5 18. d7 Nxd7 19. Rxf7 Bd4+ 20. Kh1 Re5 21. Rg7+ Kxg7 22. Qxd7+ Re7 23. Qxe7+ Kg8 24. Bc4+ Kh8 25. Qf6+ 1-0

[Event "Bayview Games Club #103"]
[Site "Toronto CAN"]
[Date "2007.04.09"]
[Round "1"]
[White "Kurkowski, Ken"]
[Black "Hayder, Ali"]
[Result "0-1"]
[WhiteElo "1799"]
[BlackElo "1700"]
[PlyCount "58"]
[GameId "2160767910693125"]
[EventDate "2007.04.09"]
[EventType "tourn"]
[EventRounds "7"]
[EventCountry "CAN"]
[SourceTitle "EXT 2022"]
[Source "ChessBase"]
[SourceDate "2021.10.06"]
[SourceVersion "1"]
[SourceVersionDate "2021.10.06"]
[SourceQuality "1"]

1. d4 Nf6 2. c4 e6 3. Nf3 Bb4+ 4. Bd2 Be7 5. Nc3 b6 6. e4 Bb7 7. Bd3 d6 8. O-O Nbd7 9. Re1 e5 10. d5 Nc5 11. Qc2 a5 12. a4 O-O 13. Nb5 Bc8 14. b4 axb4 15. Bxb4 Nxd3 16. Qxd3 Nh5 17. a5 Nf4 18. Qe3 f5 19. axb6 Rxa1 20. Rxa1 Bg5 21. bxc7 Qf6 22. Nxg5 Qxg5 23. g3 Nh3+ 24. Kg2 f4 25. Qc3 fxg3 26. Qxg3 Rxf2+ 27. Kh1 Qf6 28. Qd3 Qf4 29. Qg3 Qxe4+ 0-1

[Event "Bayview Games Club #103"]
[Site "Toronto CAN"]
[Date "2007.04.09"]
[Round "1"]
[White "Tellier, Raymond"]
[Black "Kurkowski, Ken"]
[Result "0-1"]
[WhiteElo "1500"]
[BlackElo "1806"]
[PlyCount "106"]
[GameId "2160767910693126"]
[EventDate "2007.04.09"]
[EventType "tourn"]
[EventRounds "7"]
[EventCountry "CAN"]
[SourceTitle "EXT 2022"]
[Source "ChessBase"]
[SourceDate "2021.10.06"]
[SourceVersion "1"]
[SourceVersionDate "2021.10.06"]
[SourceQuality "1"]

1. e4 e5 2. Nf3 Nc6 3. Bb5 a6 4. Ba4 Nf6 5. O-O b5 6. Bb3 Bc5 7. c3 d6 8. h3 O-O 9. d4 Bb6 10. Re1 Bb7 11. Bg5 Re8 12. Bd5 h6 13. Bh4 g5 14. Nxg5 Nxd5 15. exd5 Ne7 16. Ne4 Rf8 17. Qg4+ Kh7 18. Nf6+ Kh8 19. Qe4 Ng6 20. Nh5 Qxh4 21. Qxh4 Nxh4 22. dxe5 Rae8 23. Nf6 Rxe5 24. Rxe5 dxe5 25. Nd2 Bxd5 26. Nxd5 Rg8 27. g3 Rxg3+ 28. Kf1 Rxh3 29. Ke2 Ng6 30. Nxb6 cxb6 31. Ne4 Nf4+ 32. Kd2 h5 33. Rg1 f5 34. Nf6 Rd3+ 35. Kc2 Rd8 36. Rg5 h4 37. Nh5 Rg8 38. Rxf5 h3 39. Nxf4 exf4 40. Rh5+ Kg7 41. Rxh3 Kf6 42. Kd3 Kf5 43. f3 Rg2 44. c4 Rxb2 45. cxb5 axb5 46. Kc3 Rxa2 47. Rh5+ Kg6 48. Rxb5 Ra3+ 49. Kd4 Rxf3 50. Ke4 Rf1 51. Rxb6+ Kg5 52. Rb5+ Kg4 53. Rf5 Re1+ 0-1

[Event "Bayview Games Club #103"]
[Site "Toronto CAN"]
[Date "2007.04.23"]
[Round "3"]
[White "Douglas, Steven1"]
[Black "Armstrong, Robert J"]
[Result "1/2-1/2"]
[WhiteElo "1589"]
[BlackElo "1740"]
[PlyCount "33"]
[GameId "2160767910693128"]
[EventDate "2007.04.09"]
[EventType "tourn"]
[EventRounds "7"]
[EventCountry "CAN"]
[SourceTitle "EXT 2022"]
[Source "ChessBase"]
[SourceDate "2021.10.06"]
[SourceVersion "1"]
[SourceVersionDate "2021.10.06"]
[SourceQuality "1"]

1. e4 g6 2. f4 Bg7 3. Nf3 d6 4. Nc3 Nf6 5. Bc4 Nxe4 6. Bxf7+ Kxf7 7. Nxe4 Rf8 8. O-O Kg8 9. d3 Nd7 10. Qe1 Nf6 11. Neg5 c5 12. d4 Be6 13. Qxe6+ Kh8 14. Qd7 Qe8 15. Nf7+ Kg8 16. Nh6+ Kh8 17. Nf7+ 1/2-1/2

[Event "Bayview Games Club #103"]
[Site "Toronto CAN"]
[Date "2007.04.30"]
[Round "4"]
[White "Shahabuddin, Alizadeh"]
[Black "Armstrong, Robert J"]
[Result "1-0"]
[WhiteElo "1905"]
[BlackElo "1815"]
[PlyCount "51"]
[GameId "2160767910693129"]
[EventDate "2007.04.09"]
[EventType "tourn"]
[EventRounds "7"]
[EventCountry "CAN"]
[SourceTitle "EXT 2022"]
[Source "ChessBase"]
[SourceDate "2021.10.06"]
[SourceVersion "1"]
[SourceVersionDate "2021.10.06"]
[SourceQuality "1"]

1. e4 g6 2. d4 Bg7 3. Nc3 d6 4. Bc4 Nf6 5. h3 Nxe4 6. Bxf7+ Kxf7 7. Nxe4 Rf8 8. c3 Kg8 9. Nf3 e5 10. Qb3+ Kh8 11. Nfg5 Qe7 12. dxe5 Qxe5 13. Be3 d5 14. Bd4 Qf5 15. g4 Qd7 16. O-O-O dxe4 17. Bc5 Qe8 18. Bxf8 Bxf8 19. Nf7+ Kg7 20. Rd8 Qe6 21. Ng5 Qxb3 22. axb3 Bd7 23. Rd1 Be7 24. R1xd7 Nxd7 25. Rxd7 Kh6 26. Nf7+ 1-0

[Event "Bayview Games Club #103"]
[Site "Toronto CAN"]
[Date "2007.04.30"]
[Round "4"]
[White "Tellier, Raymond"]
[Black "Hayder, Ali"]
[Result "0-1"]
[WhiteElo "1434"]
[BlackElo "2057"]
[PlyCount "58"]
[GameId "2160767910693130"]
[EventDate "2007.04.09"]
[EventType "tourn"]
[EventRounds "7"]
[EventCountry "CAN"]
[SourceTitle "EXT 2022"]
[Source "ChessBase"]
[SourceDate "2021.10.06"]
[SourceVersion "1"]
[SourceVersionDate "2021.10.06"]
[SourceQuality "1"]

1. e4 c5 2. d4 cxd4 3. c3 d3 4. Bxd3 d6 5. Bc4 e6 6. Nf3 Be7 7. O-O Qc7 8. Bb3 Nf6 9. Be3 Nxe4 10. Na3 Bd7 11. Ba4 O-O 12. Nb5 Bxb5 13. Bxb5 Nc6 14. Qe2 f5 15. Bf4 e5 16. Bc4+ Kh8 17. Bc1 Rad8 18. Be6 d5 19. Rd1 d4 20. Bxf5 Nxf2 21. Kxf2 Rxf5 22. Qe4 Rdf8 23. Kg1 Nd8 24. cxd4 exd4 25. Bd2 Nc6 26. Rac1 Bd6 27. Qh4 Bf4 28. Nxd4 Nxd4 29. Rxc7 Be3+ 0-1

[Event "Bayview Games Club #103"]
[Site "Toronto CAN"]
[Date "2007.05.07"]
[Round "5"]
[White "Armstrong, Robert J"]
[Black "Kurkowski, Ken"]
[Result "0-1"]
[WhiteElo "1815"]
[BlackElo "1807"]
[PlyCount "59"]
[GameId "2160767910693131"]
[EventDate "2007.04.09"]
[EventType "tourn"]
[EventRounds "7"]
[EventCountry "CAN"]
[SourceTitle "EXT 2022"]
[Source "ChessBase"]
[SourceDate "2021.10.06"]
[SourceVersion "1"]
[SourceVersionDate "2021.10.06"]
[SourceQuality "1"]

1. d4 d5 2. c4 c6 3. e3 Nf6 4. Nf3 Bf5 5. Bd3 Bg6 6. O-O e6 7. Nc3 Nbd7 8. b3 Bd6 9. Bb2 Ne4 10. Qc2 f5 11. Ne2 Qc7 12. c5 Be7 13. Nf4 Bf7 14. b4 g5 15. Ne2 g4 16. Bxe4 gxf3 17. Bxf3 Bg5 18. a4 Nf6 19. b5 h5 20. Rfb1 Ng4 21. g3 h4 22. Bxg4 fxg4 23. Nf4 Rh6 24. bxc6 bxc6 25. a5 Bxf4 26. exf4 Bg6 27. Qe2 Bxb1 28. Qxg4 Qh7 29. Qxh4 Bf5 30. Rb1 0-1

[Event "Bayview Games Club #103"]
[Site "Toronto CAN"]
[Date "2007.05.07"]
[Round "5"]
[White "Douglas, Steven1"]
[Black "Laporte, Richard"]
[Result "1-0"]
[WhiteElo "1628"]
[BlackElo "1605"]
[PlyCount "71"]
[GameId "2160767910693132"]
[EventDate "2007.04.09"]
[EventType "tourn"]
[EventRounds "7"]
[EventCountry "CAN"]
[SourceTitle "EXT 2022"]
[Source "ChessBase"]
[SourceDate "2021.10.06"]
[SourceVersion "1"]
[SourceVersionDate "2021.10.06"]
[SourceQuality "1"]

1. e4 e5 2. Bc4 Nf6 3. d3 c6 4. Nf3 d5 5. Bb3 Bb4+ 6. c3 Bd6 7. Bg5 Bc7 8. Nbd2 O-O 9. d4 Re8 10. Bc2 h6 11. Bh4 exd4 12. cxd4 dxe4 13. Ne5 Bxe5 14. dxe5 Rxe5 15. O-O g5 16. Nxe4 Rd5 17. Nxf6+ Qxf6 18. Qe2 Re5 19. Qd3 Bf5 20. Qb3 Rb5 21. Qc4 Bxc2 22. Bxg5 Rxg5 23. Qxc2 Qg6 24. Qd2 Rxg2+ 25. Kh1 Rg5 26. Qd8+ Kh7 27. Rae1 c5 28. Re8 Qc6+ 29. f3 b6 30. Rh8+ Kg6 31. Qg8+ Kf5 32. Qxf7+ Qf6 33. Qd5+ Qe5 34. Qf7+ Qf6 35. Qe8 Nd7 36. Qe4# 1-0

[Event "Bayview Games Club #103"]
[Site "Toronto CAN"]
[Date "2007.05.07"]
[Round "5"]
[White "Hayder, Ali"]
[Black "Shahabuddin, Alizadeh"]
[Result "1-0"]
[WhiteElo "2057"]
[BlackElo "1905"]
[PlyCount "69"]
[GameId "2160767910693133"]
[EventDate "2007.04.09"]
[EventType "tourn"]
[EventRounds "7"]
[EventCountry "CAN"]
[SourceTitle "EXT 2022"]
[Source "ChessBase"]
[SourceDate "2021.10.06"]
[SourceVersion "1"]
[SourceVersionDate "2021.10.06"]
[SourceQuality "1"]

1. d4 d5 2. Nf3 Nf6 3. e3 c6 4. Bd3 Bg4 5. h3 Bh5 6. Nbd2 e6 7. c4 Nbd7 8. Qc2 dxc4 9. Bxc4 Bg6 10. Bd3 Bxd3 11. Qxd3 Nd5 12. a3 N7f6 13. O-O Bd6 14. Nc4 Bc7 15. e4 Nf4 16. Bxf4 Bxf4 17. e5 Nd5 18. Nd6+ Kf8 19. Nxb7 Qb6 20. Nc5 Rd8 21. b4 g6 22. Rab1 Kg7 23. Rb3 Rhe8 24. Qe4 h5 25. g3 Bh6 26. Nh4 Ne7 27. Rf3 Nf5 28. Nxf5+ exf5 29. Qh4 Qb5 30. Qf6+ Kg8 31. e6 Qc4 32. Qxf7+ Kh8 33. Qxg6 Bg7 34. Qxh5+ Kg8 35. Qf7+ 1-0

[Event "Bayview Games Club #103"]
[Site "Toronto CAN"]
[Date "2007.05.14"]
[Round "6"]
[White "Laporte, Richard"]
[Black "Armstrong, Robert J"]
[Result "1/2-1/2"]
[WhiteElo "1605"]
[BlackElo "1815"]
[PlyCount "62"]
[GameId "2160767910693134"]
[EventDate "2007.04.09"]
[EventType "tourn"]
[EventRounds "7"]
[EventCountry "CAN"]
[SourceTitle "EXT 2022"]
[Source "ChessBase"]
[SourceDate "2021.10.06"]
[SourceVersion "1"]
[SourceVersionDate "2021.10.06"]
[SourceQuality "1"]

1. e4 g6 2. d4 Bg7 3. Nc3 d6 4. Be3 Nf6 5. f3 O-O 6. g4 c6 7. Bh6 b5 8. Bxg7 Kxg7 9. h4 h5 10. Qd3 Ne8 11. O-O-O Nd7 12. e5 b4 13. Nb1 Qa5 14. a3 Rb8 15. Ne2 dxe5 16. dxe5 Qc7 17. Rh2 c5 18. c3 Qa5 19. Bh3 f5 20. Nd4 Nb6 21. gxh5 Bd7 22. Qb5 Rb7 23. Rg1 a6 24. a4 b3 25. Qc4 Rb8 26. h6+ Kh7 27. f4 Ra8 28. Rc2 Rc8 29. Rf1 bxc2 30. Kxc2 Ra8 31. Rg1 Rg8 1/2-1/2

[Event "Bayview Games Club #103"]
[Site "Toronto CAN"]
[Date "2007.05.21"]
[Round "7"]
[White "Kurkowski, Ken"]
[Black "Laporte, Richard"]
[Result "0-1"]
[WhiteElo "1807"]
[BlackElo "1605"]
[PlyCount "86"]
[GameId "2160767910693135"]
[EventDate "2007.04.09"]
[EventType "tourn"]
[EventRounds "7"]
[EventCountry "CAN"]
[SourceTitle "EXT 2022"]
[Source "ChessBase"]
[SourceDate "2021.10.06"]
[SourceVersion "1"]
[SourceVersionDate "2021.10.06"]
[SourceQuality "1"]

1. d4 d5 2. c4 e6 3. Nf3 Nf6 4. Bg5 Be7 5. Nc3 Nbd7 6. e3 O-O 7. Bd3 dxc4 8. Bxc4 a6 9. O-O b5 10. Bd3 c5 11. dxc5 Nxc5 12. Bc2 Bb7 13. Qe2 Nd5 14. Bxe7 Qxe7 15. Nxd5 Bxd5 16. b3 Rac8 17. e4 Bc6 18. Rac1 b4 19. Rfd1 Qb7 20. e5 Ne4 21. Bxe4 Bxe4 22. h3 Rc3 23. Rxc3 bxc3 24. Ne1 a5 25. f3 Bg6 26. Rc1 Rc8 27. Qe3 Qb4 28. Nc2 Bxc2 29. Rxc2 h6 30. Kf1 a4 31. bxa4 Qb2 32. Qc1 Qxc1+ 33. Rxc1 Rc5 34. f4 Kh7 35. a3 Kg6 36. a5 Kf5 37. g3 Ke4 38. Ke2 Kd4 39. Rd1+ Kc4 40. Rc1 Rxa5 41. Ra1 Kb3 42. Kd1 Kb2 43. Rc1 Rd5+ 0-1

[Event "Bayview Games Club #104"]
[Site "Toronto CAN"]
[Date "2007.04.09"]
[Round "1"]
[White "Villalobos, Oscar"]
[Black "Trifan, Victor"]
[Result "1-0"]
[WhiteElo "1528"]
[BlackElo "1917"]
[PlyCount "71"]
[GameId "2160767910693137"]
[EventDate "2007.04.09"]
[EventType "tourn"]
[EventRounds "9"]
[EventCountry "CAN"]
[SourceTitle "EXT 2022"]
[Source "ChessBase"]
[SourceDate "2021.10.06"]
[SourceVersion "1"]
[SourceVersionDate "2021.10.06"]
[SourceQuality "1"]

1. e4 e6 2. Nc3 d5 3. g3 d4 4. Nce2 c5 5. d3 Nc6 6. Bg2 Nf6 7. h3 Be7 8. f4 e5 9. Nf3 Qc7 10. Bd2 Bd7 11. O-O O-O 12. g4 exf4 13. Bxf4 Bd6 14. Bg5 Ne8 15. Nh4 Be5 16. Nf4 f6 17. Nd5 Qd8 18. Bd2 Nc7 19. Nf5 Be6 20. Nf4 Qd7 21. Nxe6 Nxe6 22. a3 Rab8 23. h4 Qc7 24. g5 Ne7 25. Qg4 Nxf5 26. exf5 Nd8 27. g6 h6 28. Bd5+ Kh8 29. Qh5 Bh2+ 30. Kh1 Qd6 31. Bxh6 Qxd5+ 32. Kxh2 Kg8 33. Bxg7 Qe5+ 34. Kg2 Qd5+ 35. Rf3 Qxf3+ 36. Kxf3 1-0

[Event "Bayview Games Club #104"]
[Site "Toronto CAN"]
[Date "2007.04.16"]
[Round "2"]
[White "Villalobos, Oscar"]
[Black "Maguire, Jack"]
[Result "1-0"]
[WhiteElo "1528"]
[BlackElo "1387"]
[PlyCount "51"]
[GameId "2160767910693138"]
[EventDate "2007.04.09"]
[EventType "tourn"]
[EventRounds "9"]
[EventCountry "CAN"]
[SourceTitle "EXT 2022"]
[Source "ChessBase"]
[SourceDate "2021.10.06"]
[SourceVersion "1"]
[SourceVersionDate "2021.10.06"]
[SourceQuality "1"]

1. e4 d5 2. exd5 Nf6 3. d4 Bg4 4. Nf3 Qxd5 5. Nc3 Qf5 6. Be2 Nc6 7. Be3 O-O-O 8. h3 Bxf3 9. Bxf3 Nb4 10. Ne4 Qa5 11. c3 Nxe4 12. Bxe4 Nd5 13. Qf3 Nxe3 14. Bxb7+ Kb8 15. fxe3 Qb5 16. Be4 f6 17. a4 Qc4 18. Ba8 Qb3 19. Ra3 Qxb2 20. Qe4 Rd6 21. a5 c6 22. Bxc6 Qxa3 23. Kf2 Qxc3 24. Rb1+ Kc8 25. Ba4 Qc7 26. Qa8+ 1-0

[Event "Bayview Games Club #104"]
[Site "Toronto CAN"]
[Date "2007.04.23"]
[Round "3"]
[White "Kurkowski, Ken"]
[Black "Douglas, Steven1"]
[Result "0-1"]
[WhiteElo "1800"]
[BlackElo "1800"]
[PlyCount "92"]
[GameId "2160767910693139"]
[EventDate "2007.04.09"]
[EventType "tourn"]
[EventRounds "9"]
[EventCountry "CAN"]
[SourceTitle "EXT 2022"]
[Source "ChessBase"]
[SourceDate "2021.10.06"]
[SourceVersion "1"]
[SourceVersionDate "2021.10.06"]
[SourceQuality "1"]

1. d4 Nf6 2. c4 g6 3. Nc3 Bg7 4. e4 d6 5. Nf3 O-O 6. Be2 e5 7. d5 a5 8. Bg5 Qe8 9. O-O Na6 10. Rb1 Nc5 11. Nd2 h6 12. Be3 Nh7 13. a3 Nd7 14. b4 f5 15. f3 f4 16. Bf2 Ndf6 17. c5 Nh5 18. cxd6 cxd6 19. Nc4 Qe7 20. Nb5 Rd8 21. Nbxd6 Rxd6 22. Bc5 b5 23. Nxd6 axb4 24. axb4 Bh3 25. Nxb5 Qg5 26. Rf2 Bd7 27. d6 N7f6 28. Ra1 Rb8 29. Nc7 Ng3 30. hxg3 fxg3 31. Bc4+ Kh7 32. Rfa2 Nh5 33. Ra8 Rb7 34. Qd5 Nf6 35. Rg8 Nxd5 36. Bxd5 Rb5 37. Ne6 Bxe6 38. Bxe6 Rb7 39. d7 Rxd7 40. Bxd7 Kxg8 41. Be6+ Kh7 42. b5 Qd8 43. b6 Bf8 44. Ra7+ Kh8 45. Bd5 Bxc5+ 46. Kf1 Qxb6 0-1

[Event "Bayview Games Club #104"]
[Site "Toronto CAN"]
[Date "2007.04.23"]
[Round "3"]
[White "Maguire, Jack"]
[Black "Trifan, Victor"]
[Result "0-1"]
[WhiteElo "1387"]
[BlackElo "1917"]
[PlyCount "66"]
[GameId "2160767910693140"]
[EventDate "2007.04.09"]
[EventType "tourn"]
[EventRounds "9"]
[EventCountry "CAN"]
[SourceTitle "EXT 2022"]
[Source "ChessBase"]
[SourceDate "2021.10.06"]
[SourceVersion "1"]
[SourceVersionDate "2021.10.06"]
[SourceQuality "1"]

1. d4 d5 2. e4 e6 3. Be3 Nf6 4. e5 Nfd7 5. f4 c5 6. c3 Nc6 7. Nf3 Qb6 8. Qd2 Be7 9. Be2 O-O 10. O-O f6 11. exf6 Nxf6 12. Ne5 cxd4 13. cxd4 Ne4 14. Qc1 Nd6 15. Nd2 Nf5 16. Nxc6 bxc6 17. Nf3 Nxe3 18. Qxe3 c5 19. Kh1 cxd4 20. Nxd4 Bc5 21. Rad1 Qxb2 22. Bg4 Rf6 23. Qe5 Qb6 24. f5 Bxd4 25. Rxd4 exf5 26. Qxd5+ Be6 27. Qxa8+ Rf8 28. Qxf8+ Kxf8 29. Rdf4 g6 30. a3 Ke7 31. Bd1 Bd5 32. h3 Qe3 33. Ra4 Qxh3+ 0-1

[Event "Bayview Games Club #104"]
[Site "Toronto CAN"]
[Date "2007.04.30"]
[Round "4"]
[White "Maguire, Jack"]
[Black "Johnson, Wylie"]
[Result "0-1"]
[WhiteElo "1387"]
[BlackElo "1566"]
[PlyCount "72"]
[GameId "2160767910693141"]
[EventDate "2007.04.09"]
[EventType "tourn"]
[EventRounds "9"]
[EventCountry "CAN"]
[SourceTitle "EXT 2022"]
[Source "ChessBase"]
[SourceDate "2021.10.06"]
[SourceVersion "1"]
[SourceVersionDate "2021.10.06"]
[SourceQuality "1"]

1. d4 f5 2. g3 Nf6 3. Bg2 e6 4. Nf3 d5 5. O-O Bd6 6. Bg5 O-O 7. Ne5 c6 8. Nd2 Nbd7 9. Ndf3 Qc7 10. Bxf6 Rxf6 11. Nxd7 Bxd7 12. e3 h6 13. Nh4 g5 14. Nf3 Be8 15. Qd2 g4 16. Nh4 Qg7 17. Bh1 h5 18. Ng2 Rh6 19. f3 Bd7 20. fxg4 hxg4 21. Nf4 c5 22. c3 Kf7 23. Rf2 Bc6 24. b3 Rah8 25. Rb1 Ke7 26. c4 Bxf4 27. Rxf4 Rxh2 28. Qxh2 Rxh2 29. Kxh2 Qh6+ 30. Kg1 Qh3 31. Kf2 Qh2+ 32. Bg2 dxc4 33. Rg1 c3 34. dxc5 Bd5 35. Rd4 c2 36. Rxd5 Qxg1+ 0-1

[Event "Bayview Games Club #104"]
[Site "Toronto CAN"]
[Date "2007.04.30"]
[Round "4"]
[White "Villalobos, Oscar"]
[Black "Palozzi, Sam"]
[Result "1-0"]
[WhiteElo "1528"]
[BlackElo "1528"]
[PlyCount "57"]
[GameId "2160767910693142"]
[EventDate "2007.04.09"]
[EventType "tourn"]
[EventRounds "9"]
[EventCountry "CAN"]
[SourceTitle "EXT 2022"]
[Source "ChessBase"]
[SourceDate "2021.10.06"]
[SourceVersion "1"]
[SourceVersionDate "2021.10.06"]
[SourceQuality "1"]

1. e4 Nf6 2. d3 d5 3. e5 Nfd7 4. Nf3 e6 5. g3 c5 6. Bg2 Nc6 7. Qe2 Qc7 8. Bf4 g6 9. O-O Bg7 10. Re1 O-O 11. Nbd2 b6 12. h4 h5 13. Nf1 Bb7 14. N1h2 d4 15. g4 Ne7 16. gxh5 gxh5 17. Ng5 Bxg2 18. Qxh5 Rfe8 19. Qxf7+ Kh8 20. Nxe6 Rg8 21. Nxc7 Bd5 22. Qh5+ Bh6+ 23. Qg5 Bxg5 24. Bxg5 Raf8 25. Kf1 Rf7 26. Nxd5 Nxd5 27. e6 Ne3+ 28. Bxe3 dxe3 29. exf7 1-0

[Event "Bayview Games Club #105"]
[Site "Toronto CAN"]
[Date "2007.05.28"]
[Round "1"]
[White "Armstrong, Robert J"]
[Black "Verde, Pino"]
[Result "1-0"]
[WhiteElo "1783"]
[BlackElo "1762"]
[PlyCount "47"]
[GameId "2160767910667789"]
[EventDate "2007.05.28"]
[EventType "tourn"]
[EventRounds "9"]
[EventCountry "CAN"]
[SourceTitle "EXT 2022"]
[Source "ChessBase"]
[SourceDate "2021.10.06"]
[SourceVersion "1"]
[SourceVersionDate "2021.10.06"]
[SourceQuality "1"]

1. d4 Nf6 2. c4 c5 3. d5 e6 4. Nc3 exd5 5. cxd5 d6 6. e4 g6 7. f4 Bg7 8. Nf3 O-O 9. Bc4 Na6 10. O-O Nc7 11. e5 dxe5 12. fxe5 Ng4 13. Bf4 Bf5 14. Qd2 Re8 15. Rae1 h5 16. h3 Nxe5 17. Nxe5 Bxe5 18. Rxe5 Qf6 19. Rfe1 Bd7 20. Rxe8+ Nxe8 21. Be5 Qe7 22. Qh6 Nf6 23. d6 Qe8 24. Qxg6+ 1-0

[Event "Bayview Games Club #105"]
[Site "Toronto CAN"]
[Date "2007.05.28"]
[Round "1"]
[White "Maguire, Jack"]
[Black "Laporte, Richard"]
[Result "0-1"]
[WhiteElo "1387"]
[BlackElo "1605"]
[PlyCount "53"]
[GameId "2160767910667790"]
[EventDate "2007.05.28"]
[EventType "tourn"]
[EventRounds "9"]
[EventCountry "CAN"]
[SourceTitle "EXT 2022"]
[Source "ChessBase"]
[SourceDate "2021.10.06"]
[SourceVersion "1"]
[SourceVersionDate "2021.10.06"]
[SourceQuality "1"]

1. d4 d5 2. e4 dxe4 3. Nc3 Nf6 4. f3 exf3 5. Nxf3 e6 6. Bd3 c5 7. Bg5 cxd4 8. Ne4 Be7 9. Bxf6 Bxf6 10. O-O O-O 11. Qd2 h6 12. h3 Nd7 13. Nh2 Bg5 14. Qe2 Ne5 15. Nxg5 Qxg5 16. Nf3 Nxf3+ 17. Rxf3 Qc5 18. Raf1 Bd7 19. Rg3 Bc6 20. Qd2 Qh5 21. Rf6 Kh8 22. Qf4 e5 23. Qf2 Qh4 24. Qf5 e4 25. Rxh6+ Kg8 26. Rxh4 Rfe8 27. Qe6 0-1

[Event "Bayview Games Club #105"]
[Site "Toronto CAN"]
[Date "2007.06.04"]
[Round "2"]
[White "Villalobos, Oscar"]
[Black "Maguire, Jack"]
[Result "1-0"]
[WhiteElo "1643"]
[BlackElo "1358"]
[PlyCount "117"]
[GameId "2160767910667791"]
[EventDate "2007.05.28"]
[EventType "tourn"]
[EventRounds "9"]
[EventCountry "CAN"]
[SourceTitle "EXT 2022"]
[Source "ChessBase"]
[SourceDate "2021.10.06"]
[SourceVersion "1"]
[SourceVersionDate "2021.10.06"]
[SourceQuality "1"]

1. Nf3 Nf6 2. g3 b6 3. Bg2 Bb7 4. d3 g6 5. O-O Bg7 6. e4 d6 7. Nbd2 Nbd7 8. Re1 O-O 9. Nf1 Nh5 10. Ne3 c5 11. h4 b5 12. Ng4 Ndf6 13. Nh6+ Kh8 14. g4 Bxh6 15. Bxh6 Ng7 16. Nh2 e5 17. Bg5 Ne6 18. Bh6 Rg8 19. c3 d5 20. exd5 Bxd5 21. Rxe5 Bxg2 22. Kxg2 Nd7 23. Re2 Qxh4 24. Be3 Nf6 25. f3 h5 26. Qe1 Qxe1 27. Rexe1 hxg4 28. Nxg4 Nxg4 29. fxg4 Rad8 30. Rad1 f5 31. Bh6 Rd6 32. Rh1 Rgd8 33. Bg5+ Kg7 34. Bxd8 Rxd8 35. Kf3 fxg4+ 36. Kxg4 a6 37. Rhe1 Rd6 38. Re2 Kf6 39. Rf2+ Kg7 40. Rfd2 Kf6 41. d4 cxd4 42. cxd4 Nc7 43. Re2 Nd5 44. Rf1+ Kg7 45. Kg5 a5 46. a3 a4 47. Re5 Kg8 48. Kh6 Nf6 49. Rxb5 Ng4+ 50. Kg5 Rxd4 51. Rb4 Rxb4 52. axb4 Ne5 53. b5 Kg7 54. b6 Nc6 55. b7 Nb8 56. Rc1 Kf7 57. Rc8 Na6 58. b8=Q Nxb8 59. Rxb8 1-0

[Event "Bayview Games Club #105"]
[Site "Toronto CAN"]
[Date "2007.06.11"]
[Round "3"]
[White "Johnson, Wylie"]
[Black "Armstrong, Robert J"]
[Result "0-1"]
[WhiteElo "1615"]
[BlackElo "1799"]
[PlyCount "38"]
[GameId "2160767910667792"]
[EventDate "2007.05.28"]
[EventType "tourn"]
[EventRounds "9"]
[EventCountry "CAN"]
[SourceTitle "EXT 2022"]
[Source "ChessBase"]
[SourceDate "2021.10.06"]
[SourceVersion "1"]
[SourceVersionDate "2021.10.06"]
[SourceQuality "1"]

1. f4 g6 2. Nf3 Bg7 3. e3 d6 4. d4 c5 5. Bd3 Na6 6. c3 cxd4 7. Bb5+ Bd7 8. Bxd7+ Qxd7 9. h4 Rb8 10. Qc2 f5 11. Qd3 Nf6 12. O-O Qe6 13. a4 Bh6 14. Re1 g5 15. Qd2 Qf7 16. c4 Qg6 17. Re2 Ne4 18. b4 Ng3 19. Qd1 Ne4 0-1